U.S. State Flags to Capitals #2 - Statistics

General Stats
  • This quiz has been taken 46 times
    43 since last reset
  • The average score is 13 of 16
Answer Stats
Picture Answer % Correct
Sacramento
94%
Annapolis
92%
Santa Fe
92%
Juneau
86%
Montgomery
86%
Dover
83%
Columbia
81%
Harrisburg
81%
Indianapolis
81%
Lansing
81%
Providence
81%
Carson City
78%
Des Moines
78%
Raleigh
78%
Trenton
75%
Salt Lake City
72%
No matching quizzes found
Score Distribution
Percent of People with Each Score
Percentile by Number Answered
Your Score History
You have not taken this quiz since the last reset